Word Ladder: Broccoli Quiz Stats

 Plays Quiz Updated Jan 5, 2013

Support Sporcle.
Go Orange.
Score 0/8 Timer 01:00
0 Plays Today
Clue Word % Correct
Black object in a watermelonSEED
96.7%
Transmit, deliverSEND
91.5%
Valueless plant▫ WEED ▫
77.6%
Of high qualityFINE
76.6%
Ctrl FFIND
76.6%
Folder for holding loose papersFILE
75.6%
Look after oneselfFEND
74.3%
Extremely unpleasant▫ VILE ▫
66.3%

Today's Daily Dose

Word Ladder
ING Words

Get the Picture
Nearest Volcano

From the Vault

Matt Millen Picks

by detroitwhat22

Sports 2m
For this Thanksgiving, I am thankful that Matt Millen is an analyst and no longer with the Lions.
Remove Ads.
Support Sporcle.
Get the best of Sporcle when you Go Orange. This ad-free experience offers more features, more stats, and more fun while also helping to support Sporcle. Thank you for becoming a member.

Show Comments

Extras

Top Quizzes Today


Score Distribution

Your Account Isn't Verified!

In order to create a playlist on Sporcle, you need to verify the email address you used during registration. Go to your Sporcle Settings to finish the process.

Report this User

Report this user for behavior that violates our Community Guidelines.

Details: